wszyscy wygrani Mistrzostw Europy - Statystyki

Ogólne statystyki
  • Ten quiz został rozwiązany 62 razy
  • Średni wynik to 15 z 17
Statystyki odpowiedzi
rok kraj % Poprawnych
1964 hiszpania
100%
2008 hiszpania
100%
2012 hiszpania
100%
2024 hiszpania
100%
2016 portugalia
100%
1968 włochy
98%
2020 włochy
98%
1972 niemcy
96%
1980 niemcy
96%
1996 niemcy
96%
1984 francja
92%
2000 francja
92%
2004 grecja
85%
1988 holandia
85%
1976 czechosłowacja
58%
1992 dania
58%
1960 związek radziecki
21%
Nie znaleziono quizów pasujących do podanych kryteriów
Rozkład punktacji
Procent ludzi z każdym wynikiem
Percentyl według liczby udzielonych odpowiedzi
Twoja historia wyników
Nie rozwiązałeś tego quizu